The mafia cookbook (Record no. 57651)

MARC details
000 -LEADER
fixed length control field 00647nam a2200229Ia 4500
008 - FIXED-LENGTH DATA ELEMENTS--GENERAL INFORMATION
fixed length control field 191130s2001##################000#0#eng##
020 ## - INTERNATIONAL STANDARD BOOK NUMBER
ISBN 9780743226271
082 ## - DEWEY DECIMAL CLASSIFICATION NUMBER
Classification number 641.5945 IAN
100 ## - MAIN ENTRY--AUTHOR NAME
Personal name Iannuzzi, Joseph
245 ## - TITLE STATEMENT
Title The mafia cookbook
Statement of responsibility, etc Joseph "Joe Dogs" Iannuzzi
250 ## - EDITION STATEMENT
Edition statement Rev. and expanded [ed.]
260 ## - PUBLICATION, DISTRIBUTION, ETC. (IMPRINT)
Place of publication New York
Name of publisher Simon & Schuster
Year of publication c2001
300 ## - PHYSICAL DESCRIPTION
Number of Pages 252 p. : ill. ; 20 cm
650 ## - SUBJECT ADDED ENTRY--TOPICAL TERM
Topical Term Cooking, Italian
Topical Term International cooking
Topical Term Mafia - United States
991 ## -
-- 315002
Holdings
Withdrawn status Lost status Damaged status Not for loan Home library Current library Shelving location Date acquired Full call number Accession Number Price effective from Koha item type
        Anna Centenary Library Anna Centenary Library 6TH FLOOR, A WING 09.10.2020 641.5945 IAN 459193 09.10.2020 English Books

Find us on the map